| 000 | 01322cam a2200349 a 4500 | ||
|---|---|---|---|
| 999 |
_c22992 _d22992 |
||
| 001 | 863384 | ||
| 005 | 20170125121425.0 | ||
| 008 | 790809s1979 nyua bc 001 0beng | ||
| 010 | _a 79003075 | ||
| 020 | _a0195026454 | ||
| 020 | _a0195026462 (pbk.) | ||
| 040 |
_aDLC _cDLC _dDLC |
||
| 043 | _an-us-dc | ||
| 050 | 0 | 0 |
_aPR2933 _b.F64S3 1979 |
| 100 | 1 |
_aSchoenbaum, S. _q(Samuel), _d1927-1996. |
|
| 245 | 1 | 0 |
_aShakespeare, the Globe & the world / _cS. Schoenbaum. |
| 260 |
_aNew York : _bOxford University Press, _c1979. |
||
| 300 |
_a208 p. : _bill. (some col.) ; _c31 cm. |
||
| 500 | _aPrepared for a Folger Shakespeare Library exhibition held at various institutions Oct. 1979-Apr. 1981. | ||
| 500 | _aIncludes index. | ||
| 504 | _aBibliography: p. [202] | ||
| 600 | 1 | 0 |
_aShakespeare, William, _d1564-1616 _xExhibitions. |
| 600 | 1 | 0 |
_aShakespeare, William, _d1564-1616. |
| 610 | 2 | 0 | _aFolger Shakespeare Library. |
| 650 | 0 |
_aDramatists, English _yEarly modern, 1500-1700 _vBiography. |
|
| 710 | 2 | _aFolger Shakespeare Library. | |
| 710 | 2 |
_aRouben Mamoulian Collection (Library of Congress) _5DLC |
|
| 942 |
_2lcc _cBOOKS _hPR2933 .F64S3 1979 |
||